Neparametrický odhad parametrov združeného rozdelenia pravdepodobnosti

Salvato in:
Dettagli Bibliografici
Autore principale: Petkaničová, Jana, 1989- (Autore)
Altri autori: Bacigál, Tomáš, 1980- (Relatore della tesi)
Natura: Manoscritto Libro
Lingua:slovacco
Pubblicazione: Bratislava : STU v Bratislave SvF, 2014
Soggetti:
Accesso online:VAIS
Tags: Aggiungi Tag
Nessun Tag, puoi essere il primo ad aggiungerne!!

MARC

LEADER 00000ntm a22000003a 4500
001 stu298103
005 20150617230311.4
008 140919s2014----xo------------------slo-d
040 |a STU  |b slo 
041 0 |a slo 
044 |a xo 
100 1 |a Petkaničová, Jana,  |d 1989-  |4 aut  |u V  |T SvF Stavebná fakulta  |X 67737  |U V  |Y 10  |7 A000067737 
242 0 0 |a Copula Parameter Estimation  |y eng 
245 1 |a Neparametrický odhad parametrov združeného rozdelenia pravdepodobnosti 
260 |a Bratislava :  |b STU v Bratislave SvF,  |c 2014 
650 7 |a matematicko-počítačové modelovanie  |2 stusub 
650 7 |a Mathematical and Computational Modeling  |2 estusub 
650 7 |a parameter estimation  |2 estusub 
650 7 |a copula  |2 estusub 
650 7 |a odhad parametrov  |2 stusub 
650 7 |a kopula  |2 stusub 
700 1 |a Bacigál, Tomáš,  |d 1980-  |4 ths  |u V220  |U SvF Stavebná fakulta  |T SvF Katedra matematiky a deskriptívnej geometrie  |X 38288  |U V220  |Y 23  |7 A000038288 
856 4 |a info a plný text  |u http://is.stuba.sk/zp/portal_zp.pl?podrobnosti=100919  |3 VAIS